At a glance main investment markets in Western Europe (Record no. 83961)

MARC details
000 -LEADER
fixed length control field 01697cad a22002175a 4500
001 - CONTROL NUMBER
control field L156178
008 - FIXED-LENGTH DATA ELEMENTS--GENERAL INFORMATION
fixed length control field 120502s2012 xxk 000 0 eng d
035 ## - SYSTEM CONTROL NUMBER
System control number (Sirsi) u156178
041 0# - LANGUAGE CODE
Language code of text/sound track or separate title eng
110 2# - MAIN ENTRY--CORPORATE NAME
Corporate name or jurisdiction name as entry element BNP Paribas Real Estate
9 (RLIN) 5715
245 00 - TITLE STATEMENT
Title At a glance main investment markets in Western Europe
Remainder of title Q1 2012
Medium [electronic resource]
260 ## - PUBLICATION, DISTRIBUTION, ETC.
Place of publication, distribution, etc. Paris
Name of publisher, distributor, etc. BNP Paribas
Date of publication, distribution, etc. 2012
490 #0 - SERIES STATEMENT
Series statement BNP Paribas Real Estate at a Glance Main Investment Markets in Western Europe
Volume/sequential designation Q1 2012
520 ## - SUMMARY, ETC.
Summary, etc. On a rolling year basis, total investment volume in Q1 2012 amounted to Euros 41.4bn in the nine primary markets, an average 9% increase compared to the previous year but differing among individual countries. On a rolling year basis the shares of office (72%) investment and retail (14%) investment did not vary. However Q1 saw a significant drop in retail investment. Commercial real estate yields stayed at a low level sustained by investors? undiminished demand. Only Germany remains confident about 2012; Southern European countries are generally pessimistic.
520 ## - SUMMARY, ETC.
Summary, etc. Real estate investment volumes ? Real estate average prime yields ? Office investment volume and prime yields ? Retail investment volume and prime yields. Main investment market indicators (nine cities): total investment market ? office investment market ? retail investment market ? industrial investment market.
590 ## - LOCAL NOTE (RLIN)
Local note KA
651 #4 - SUBJECT ADDED ENTRY--GEOGRAPHIC NAME
Geographic name Europe
690 ## - LOCAL SUBJECT ADDED ENTRY--TOPICAL TERM (OCLC, RLIN)
Topical term or geographic name as entry element Commercial property
9 (RLIN) 6227
856 40 - ELECTRONIC LOCATION AND ACCESS
Uniform Resource Identifier <a href="https://www.realestate.bnpparibas.com/bnppre/overview-no-end-in-sight-to-markets-divergence-april-2012-p_1541066">https://www.realestate.bnpparibas.com/bnppre/overview-no-end-in-sight-to-markets-divergence-april-2012-p_1541066</a>
Public note View the report after creating an account (free) at www.realestate.bnpparibas.com
942 ## - ADDED ENTRY ELEMENTS (KOHA)
Suppress in OPAC 0
Holdings
Withdrawn status Lost status Source of classification or shelving scheme Damaged status Not for loan Home library Current library Shelving location Date acquired Total Checkouts Full call number Barcode Date last seen Copy number Price effective from Koha item type
    Dewey Decimal Classification     Virtual Virtual Online 02/05/2012   ONLINE PUBLICATION 156178-2001 06/08/2019 1 06/08/2019 Book